| 000 | 00886nam a2200241 a 4500 | ||
|---|---|---|---|
| 005 | 20191224041701.0 | ||
| 008 | 140310b1999 ne ||||gr|||| 00| 0 eng d | ||
| 040 |
_aCO-BoIAVH _cCO-BoIAVH |
||
| 041 | _aeng | ||
| 082 | 4 |
_a668 _bC39n |
|
| 110 | 2 |
_918289 _aCentre for the Promotion of Imports from Developing Countries (CBI) _bCentre for the Promotion of Imports from Developing Countries, CBI |
|
| 245 | 1 |
_aNatural gums and resins _ba survey of The Netherlands and other major markets in the European Union |
|
| 260 |
_aRotterdam _bCBI _c1999 |
||
| 300 |
_a80 paginas. _bgraficas.; _c21 x 14 cm. |
||
| 650 | 4 |
_aComercio internacional _94456 |
|
| 650 | 4 |
_aGomas vegetales _918857 |
|
| 650 | 4 |
_aResinas _914419 |
|
| 650 | 4 |
_aMercadeo _952607 |
|
| 650 |
_aUnión Europea _94258 |
||
| 650 | 4 |
_aLegislación ambiental _952608 |
|
| 650 | 4 |
_aCertificación ambiental _94417 |
|
| 942 |
_cLIBRO _2ddc |
||
| 999 |
_c3184 _d3184 |
||